| 000 | 01071nam a2200217 i 4500 | ||
|---|---|---|---|
| 001 | 180540 | ||
| 003 | ES-MaACL | ||
| 005 | 20250719062548.0 | ||
| 008 | 120612s1885 it |||| | ita d | ||
| 245 | 0 | 0 | _aCatalogo della Esposizione Industriale Carceraria e della Esposizione dei tipi di celle. |
| 260 |
_aRoma : _b[s.n.], _c1885 ( _fTip. delle Mantellate) |
||
| 300 |
_aXVI, 104, 79 p. ; _c22 cm. |
||
| 594 | _aPrecede al tít.: III Congresso Penitenziario Internazionale. | ||
| 650 | 4 |
_aEstablecimientos penitenciarios- _vCongresos y asambleas. _9163123 |
|
| 711 | 2 |
_aCongresso Penitenziario Internazionale ( _n3º. _d1884. _cRoma) _9150488 |
|
| 852 |
_aES-MaACL _jD-167 _9187456 _bR.M.146 _cSVI _dOlim: 193-D-31 _fSello en tinta en portada: "Donativo del Sr. Lastres al Ateneo de Madrid 1907" _hDonación: Francisco Lastres y Juiz _xEncuadernado con otras obras formando un volumen facticio |
||
| 903 |
_aLastres y Juiz, Francisco, _d1848-1918 _ednr _q1 _970504 |
||
| 942 |
_2udc _cMONANT |
||
| 999 |
_c180540 _d180540 |
||